Joueurs par pays - Manchester united - Statistiques

Statistiques générales
  • Ce quiz a été pris 160 fois
  • Le résultat moyen est 24 sur 58
Statistiques - réponses
Pays Joueurs % Correct
Angleterre Anderson / Aston / Amos / Appleton / Aston / Allen / Alnderson / Ainsworth / Abbott / Arnott / Anderson / Beckham / Brown / Butt / Butland / Birtles / Borthwick-Jackson / Bruce / Beardsmore / Baldwin / Blackett / Byrne / Beardsley / Barnes / Bodak / Bishop / Bennett / Brown / Bailey / Berry / Bond / Ball / Birch / Birkett / Buckle / Bryant / Bent / Bielby / Burke / Breedon / Ball / Barnes / Banim / Brightwell / Buckley / Barson / Carrick / Charlton / Cole / Connelly / Cleverley / Curtis / Campbell / Clegg / Chadwick / Cole / Cunningham / Cuklin / Coton / Cooke / Casper / Coppell / Chilton / Cockburn / Cope / Crompton / Colman / Chisnall / Clempson / Crowther / Crooks / Cape / Connaughton / Cassidy / Clayton / Chester / Coyne / Comyn / Drinkwater / Dublin / Davis / Digby / Davenport / Dearnley / Duxbury / Doherty / Dempsey / Daniels / Duckworth / Duckworth / Dale / Eagles / Eckersley / Ebanks-Blake / Edwards / Eckersley / Edwards /Ferdinand / Foulkes / Foster / Fryers / Forson / Fish / Fredricson / Fletcher / Foggon / Ferrier / Ford / Greenwood / Gomes / Garner / Greening / Gibson / Grant / Gore / Grimes / Gibson / Gill / Gill / Gibson / Grimes / Greenhoff / Gaskell / Gidman / Goodwin / Greenhoff / Gibson / Gowling / Greaves / Garton / Griffiths / Gill / Gallimore / Gladwin / Green / Gardner / Gaskell / Hargreaves / Henderson / Hewson / Heaton / Harrop / Heath / Hogg / Hill / Hill / Hugill / Hilton / Harrop / Higgins / Haydock / Hall / Hacking / Hine / Hawksworth / Heywood / Hopkinson / Hardman / Hardisty / Howell / Hannaford / Ince / Irving /Jones / Johnstone / Jones / James / Johnson / James / Jones / James / Jones / Jones / Keane / Kidd / Kennedy / Kinsley /Lingard / Laird / Lee / Lynch / Lydiate / Lea / Lawton / Lewis / Lynn / Lancaster / Langford / Mount / Maguire / May / Mengi / Mainoo / Martin / Martin / Clegg / McGuiness / Mitchell / Marsh / Mellor / McNeill / Muirhead / Mooniaruck / Moses / McNulty / Mitten / McGlen / Manley / Maiorana / McLenahan / Morris / Moody * Mellor / Moffatt / Micklewhite / Mew / Moore / Mann / McPherson / Neville / Neville / Noble / Owen / O'Kane / O'Neil / Olive / Owen / Pallister / Phelan / Powell / Pugh / Parker / Pilkington / Pollitt / Pears / Poole / Picken / Pearson / Pegg / Pearson / Pearson / Porter / Pinner / Pape / Quixall / Rashford / Rooney / Richardson / Rimmer / Robson / Rothwell / Roche / Rachubka / Robins / Ritchie / Riley / Rowley / Redman / Rowley / Roughton / Redwood / Ridding / Rogers / Rammell / Sancho / Scholes / Shaw / Stiles / Smalling / Simpson / Shawcross / Sheringham / Smith / Stepney / Sadler / Sharpe / Shoretire / Steele / Stewart / Setters / Scanlon / Storey-Moore /Sidebottom / Silcock / Smith / Spence / Savage / Sharples / Spencer / Smith / Tuanzebe / Tate / Tunnicliffe / Thornley / Taylor / Thorpe / Twiss / Taylor / Turner / Taylor / Tranter / Taylor / Tomlinson / Teather / Trees / Tapken / Viollet / Vose / Vincent / Wan-Bissaka / Welbeck / Williams / Wilson / Walsh / Webb / Wallace / Wilson / Webber / Wallwork / Wilson / Wilkins / Weir / Wood / Williams / Whitworth / Wootton / Wellens / Wood / Whitefoot / Wealands / Wood / Wratten / Walton / Waldron / Walker / Wrigglesworth / Wassall / Whalley / Wilkinson / Williams / Walton / Warburton / Whitehurst / Young / Young
99%
France Barthez / Blanc / Bellion / Cantona / Evra / Kambwala / Martial / Obertan / Pogba / Prunier / Saha / Schneiderlin / Silvestre / Varane
97%
Brésil Casemiro / Antony / Fred / Telles / Anderson / Kléberson / Pereira / Rafael / Fabio
90%
Espagne Carreras / De Gea / Pique / Mata / Valdes / Herrera / Reguilon / Carreras / Ricardp / Puigaml / Jurado
88%
Argentine Dematei / Di Maria / Garnacho / Heinze / Martinez / Rojo / Romero / Tevez / Veron
88%
Pays-Bas Blind / Buttner / Chong / Cruyff / Depay / Fosu-Mensah / Hardley / Malacia / Muhren / Stam / Van de Beek / Van Persie / Van Nistelrroy / Van der Sar / Van der Gouw / Weghorst
86%
Portugal Dalot / Ronaldo / Fernandes / Nani / Dalot / Pereira
86%
Danemark Eriksen / Hojlund / Schmeichel / Sivabaek / Lindegaard / Timm / Olsen
86%
Belgique Lukaku / Fellaini / Januzaj / Ramazani / De Laet / Ngalula / Vermijl
83%
Pays de Galles Blackmoore / Bamford / Chester / Crossley / Clark / Davies / Davies / Davies / Davies / Giggs / Graham / Griffiths / Hughes / Hunter / James / Jones / Jones / John / Lawrence / Lawton / Levitt / Moore / Morgans / Meredith / Nardiello / O'Sullivan / Poole / Savage / Savage / Thomas / Williams / Webster / Warner
80%
Ecosse Albiston / Brazil / Burns / Bardsley / Brebner / Buchan / Bogan / Brown / Buchan / Boyd / Crerand / Chalmers / Delaney / Downie / Dawson / Donald / Dewar / Fletcher / Fitzpatrick / Ferguson / Forsyth / Frame / Goram / Gray / Graham / Graham / Herd / Hamilton / Houston / Hogg / Holton / Heron / Jordan / Kopel / Law / Leighton / Love / Lowrie / Lang / McTominay / McClair / Macari / McKee / Morgan / McQueen / McShane / Moir / McGarvey / Milne / MacDougall / McKay / Mutch / McCalling / Murray / McLachlan / McBain / McCartney / McCrae / Notman / Paterson / Ryan / Robertson / Rennox / Strachan / Stewart / Stewart / Ure / Watson
79%
Suède Blomqvist / Djordjic / Elanga / Ibrahimovic / Lindelof / Larsson / Rodlund
77%
Corée du Sud Park
76%
Irlande Brady / Brennan / Baird / Breen / Brazil / Byrne / Carey / Cantwell / Carolan / Dunne / Dunne / Daly / Dunphy / Feehan / Gibson / Giles / Givens / Grimes / Hanrahan / Irwin / Keane / Keane / McShane / Miller / Macken / McGrath / Moran / Martin / McLoughlin / Mooney / O'Shea / O'Brien / O'Hara / O'Brien / O'Connell / Russell / Roche / Stapleton / Sloan / Tierney / Toal / Whelan / Whelan
75%
Chili Brereton Diaz / Henriquez / Sanchez
72%
Uruguay Cavani / Forlan / Pellistri / Varela
70%
Côte d'Ivoire Bailly / Diallo / Zaha
69%
Irlande du Nord Anderson / Anderson / Best / Blanchflower / Briggs / Cathcart / CArroll / Carey / Connell / Donaghy / Dudgeon / Devlin / Evans / Evans / Gillespie / Galbraith / Goss / Gregg / Healy / Hooks / Jackson / McNair / Murdock / Mulryne / McGibbon / McIlroy / McCreery / McGrath / McMilan / Mc Millen / Nicholl / Nicholson / Sloan / Scott / Todd / Whiteside
68%
Equateur Valencia
67%
Serbie Vidic / Matic / Tosic / Milinkovic-Savic
64%
Mexique Hernandez
60%
Bulgarie Berbatov
58%
Italie Darmian / Macheda / Possebon / Petrucci / Rossi / Sartori / Taibi
56%
Maroc Amrabat
55%
Allemagne Schweinsteiger / Zieler
55%
Arménie Mkhitaryan
54%
Cameroun Djemba Djemba / Onana
53%
Japon Kagawa
50%
Norvège Berg / Eikrem / Hussain / Johnsen / King / Nevland / Solskjaer
41%
Autriche Sabitzer
40%
Colombie Falcao
37%
Tunisie Mejbri
36%
Nigeria Ighalo
29%
Trinité-et-Tobago Yorke
29%
USA Brown / Howard / Kirovski / McIlvenny / Spector
27%
Turquie Bayindir
22%
Irak Iqbal
18%
Cap-Vert Bebe
11%
Sénégal Diouf
9%
Slovaquie Dubravka
9%
République Tchèque Kovar / Poborsky / Vitek
8%
Australie Baartz / Bosnich
6%
Afrique du sud Fortune
6%
Russie Kanchelskis
6%
Angola Manucho
6%
Jamaique Bernard / Johnson / Morrison
5%
Chine Dong
5%
Pologne Kuszczak
4%
Togo Mamam
3%
Grenade Williams
3%
Montserrat Willock
2%
Saint-Kitts-et-Nevis Brandy
1%
Bermudes Goater
1%
Gibraltar Higginbotham
1%
Gambie Janko
1%
Monténégro Jovanovic
1%
Albanie Veseli
1%
Qatar Yasser
1%
Aucun quiz correspondant
Distribution des résultats
% des personnes avec chaque résultat
Percentile par nombre de réponses
Votre historique - résultats
Vous n’avez pas pris ce quiz